000 00643cam a2200217 4500500
005 20260405002916.0
041 _afre
042 _adc
100 1 0 _aMorel, François
_eauthor
245 0 0 _a“On ne naît pas femme, on le devient”
260 _c2019.
500 _a100
690 _aFemme
690 _aFrançois Morel
690 _aHumour
690 _aSimone de Beauvoir
690 _aTransexualité
690 _aTransgenre
786 0 _nPhilosophie magazine | 129 | 5 | 2019-05-01 | p. 66-66 | 1951-1787
856 4 1 _uhttps://shs.cairn.info/magazine-philosophie-magazine-2019-5-page-66?lang=fr&redirect-ssocas=7080
999 _c2062385
_d2062385